[Event "Olympiad w"]
[Site "Bled SLO"]
[Date "2002.10.31"]
[Round "6"]
[White "Sheldon,R"]
[Black "Zaksaite,S"]
[Result "1/2-1/2"]
[WhiteElo "2288"]
[BlackElo "2225"]

1.d4 Nf6 2.Bg5 d5 3.Bxf6 exf6 4.e3 Bd6 5.c4 dxc4 6.Bxc4 O-O 7.Nc3 a6 8.Bd3 b5
9.Qf3 Ra7 10.Nge2 Bb7 11.Qg4 g6 12.Nf4 Kh8 13.h4 f5 14.Qg3 c5 15.d5 Qf6 16.Rd1 Nd7
17.O-O Nb6 18.Qh3 Bxf4 19.exf4 c4 20.Be2 b4 21.Nb1 Bxd5 22.h5 Qxb2 23.Qe3 Rb7
24.Rd4 Be4 25.Nd2 Nd5 26.Rxd5 Bxd5 27.Bxc4 Bxc4 28.Nxc4 Qc3 29.Qe2 Qf6 30.Rd1 Re7
31.Ne5 Rfe8 32.Qc4 a5 33.Rd5 Qe6 34.Qd4 f6 35.Nd7 Rd8 36.Nxf6 Rxd5 37.Nxd5+ Kg8
38.Nxe7+ Qxe7 39.Qd5+ Kg7 40.hxg6 Qe1+ 41.Kh2 hxg6 42.Qxa5 Qxf2 43.Qe5+ Kh7
44.Qe7+ Kh6 45.Qg5+  1/2-1/2

[Event "2nd Rohde Open"]
[Site "Sautron FRA"]
[Date "2002.10.31"]
[Round "6"]
[White "Legky,N"]
[Black "Trajkovic,P"]
[Result "1/2-1/2"]
[WhiteElo "2503"]
[BlackElo "2344"]

1.d4 Nf6 2.Bg5 d5 3.e3 e6 4.c4 Be7 5.Nc3 O-O 6.Nf3 h6 7.Bxf6 Bxf6 8.Rc1 c6
9.Bd3 Nd7 10.O-O dxc4 11.Bxc4 e5 12.Ne4 exd4 13.Nxf6+ Qxf6 14.Qxd4 Qxd4 15.Nxd4 Nf6
16.f3 Rd8 17.Rfd1 Kf8 18.e4 Ke7 19.b4 a5 20.e5 Nd5 21.Bxd5 Rxd5 22.b5 Bd7
23.f4 Rd8 24.bxc6 Bxc6 25.Nf5+ Kf8 26.Nd6 Rxd1+ 27.Rxd1 g6 28.Kf2 Ke7 29.f5 Rg8
30.g4 f6 31.fxg6 Rxg6 32.Kg3 fxe5 33.Nc4 e4 34.Nxa5 Bd7 35.h3 b6 36.Nc4 Be6
37.Ne5 Rg8 38.Nc6+ Kf7 39.Nd8+ Ke7 40.Nxe6 Kxe6 41.Rb1 h5 42.Rxb6+ Kf7 43.Rb4 hxg4
44.hxg4 Ra8 45.a4 Re8 46.Kf2 e3+ 47.Ke2 Re5 48.Rb7+ Kg6 49.Rb8 Ra5 50.Rb4 Re5
51.Rf4 Kg7 52.Rf5 Re4 53.a5 Rxg4 54.Kxe3 Ra4 55.Kd3 Kg6 56.Rb5 Kf7 57.Kc3 Ra1
58.Kc4 Ke6  1/2-1/2

[Event "Olympiad"]
[Site "Bled SLO"]
[Date "2002.11.02"]
[Round "8"]
[White "Mehmeti,D"]
[Black "Bluvshtein,M"]
[Result "0-1"]
[WhiteElo "2302"]
[BlackElo "2449"]

1.d4 Nf6 2.Bg5 d5 3.Bxf6 exf6 4.e3 Bd6 5.Bd3 O-O 6.Qf3 c6 7.Ne2 g6 8.Nd2 f5
9.h3 Nd7 10.g4 fxg4 11.hxg4 Qg5 12.O-O-O Nf6 13.Rdg1 Nxg4 14.Qh3 h5 15.f4 Qe7
16.f5 Qg5 17.Nf3 Qxe3+ 18.Kb1 Kg7 19.Rxg4 hxg4 20.Qh7+ Kf6 21.Qh4+ g5 22.Qxg4 Bd7
23.Rh6+ Ke7 24.Nxg5 Rg8 25.f6+ Ke8 26.Ne6 Rf8 27.Ng7+ Kd8 28.Qh5 Bg4 29.Qxg4 Qxh6
30.Qf5 Qh1+ 31.Nc1 Kc7 32.a3 Rae8 33.Nxe8+ Rxe8 34.Bf1 Re1 35.Bh3 Rxc1+ 36.Ka2 Kb6
37.Qd7 Ra1+ 38.Kb3 Qf3+  0-1

[Event "10th Chigorin Mem B"]
[Site "St Petersburg RUS"]
[Date "2002.11.02"]
[Round "8"]
[White "Sklyarov,A"]
[Black "Gerasimov,Y"]
[Result "0-1"]
[WhiteElo "2271"]
[BlackElo "2115"]

1.d4 Nf6 2.Bg5 d5 3.Bxf6 exf6 4.e3 Be7 5.Bd3 O-O 6.Nd2 c6 7.c3 f5 8.Qc2 g6
9.Ngf3 Nd7 10.O-O-O Nf6 11.Ne5 Ne4 12.Rhf1 a5 13.Be2 a4 14.f3 Nxd2 15.Rxd2 Bd6
16.e4 f6 17.Nd3 dxe4 18.fxe4 fxe4 19.Nc5 f5 20.Nxa4 Kg7 21.c4 Bxh2 22.d5 Qc7
23.Kb1 Be5 24.Rfd1 Rd8 25.Qb3 b5 26.cxb5 cxb5 27.Bxb5 Ba6 28.Rc2 Qb7 29.Bc6 Qxb3
30.axb3 Rac8 31.Ka2 Bb5 32.Rdc1 Bf4 33.Re1 Rxd5 34.Nb6 Rxc6 35.Nxd5 Rxc2
36.Nxf4 Rf2 37.Ne6+ Kf6 38.Nc7 Bd3 39.b4 Rc2 40.Nd5+ Ke5 41.Ne3 Re2  0-1

[Event "Olympiad"]
[Site "Bled SLO"]
[Date "2002.11.07"]
[Round "12"]
[White "McShane,L"]
[Black "Ni Hua"]
[Result "1/2-1/2"]
[WhiteElo "2546"]
[BlackElo "2545"]

1.d4 Nf6 2.Bg5 c5 3.d5 Qb6 4.Nc3 Qxb2 5.Bd2 Qb6 6.e4 d6 7.f4 e6 8.Nf3 exd5
9.e5 dxe5 10.fxe5 Ne4 11.Nxd5 Qd8 12.c4 Bg4 13.Qb1 Nxd2 14.Qxb7 Nxf3+ 15.gxf3 Bxf3
16.Nc7+ Ke7 17.Nd5+ Ke8 18.Nc7+ Ke7 19.Nd5+ Ke8 20.Nc7+  1/2-1/2

[Event "Olympiad"]
[Site "Bled SLO"]
[Date "2002.11.08"]
[Round "13"]
[White "Cueto Chajtur,J"]
[Black "Abdul,Maj"]
[Result "1-0"]
[WhiteElo "2400"]
[BlackElo "2259"]

1.d4 Nf6 2.Bg5 d5 3.Nf3 g6 4.e3 Bg7 5.c4 O-O 6.Nc3 Ne4 7.Bh4 Nxc3 8.bxc3 Re8
9.Qb3 c6 10.Be2 Qa5 11.O-O Nd7 12.cxd5 cxd5 13.Rfc1 a6 14.h3 e6 15.a4 b6
16.Nd2 e5 17.Qd1 b5 18.axb5 Qb6 19.bxa6 Bxa6 20.Bxa6 Rxa6 21.Qb3 Qxb3 22.Nxb3 Rea8
23.Rxa6 Rxa6 24.Ra1 Rxa1+ 25.Nxa1 Nb6 26.f3 f5 27.Nc2 e4 28.Kf1 Kf7 29.Ke2 Ke6
30.Bd8 Nc4 31.Bc7 Bf8 32.Bg3 Kd7 33.Bf2 Kc6 34.g4 Kb5 35.Ne1 Ka4 36.gxf5 gxf5
37.Ng2 Be7 38.Nf4 Nb6 39.Nh5 Bd6 40.Bg3 Bf8 41.Bc7 Na8 42.Bd8 Kb5 43.Ng3 f4
44.exf4 Bd6 45.Ke3 exf3 46.Kxf3 Kc4 47.Ne2 Kd3 48.f5 Nc7 49.Bxc7 Bxc7 50.f6 Bd6
51.f7 Ba3 52.h4 h5 53.Nf4+ Kxc3 54.Nxd5+  1-0

[Event "14th Open"]
[Site "Leuven BEL"]
[Date "2002.11.11"]
[Round "6"]
[White "Rusev,K"]
[Black "Van Damme,M"]
[Result "1-0"]
[WhiteElo "2297"]
[BlackElo "2162"]

1.d4 Nf6 2.Bg5 c5 3.d5 Qb6 4.Nc3 g6 5.e4 Bg7 6.Rb1 d6 7.Be2 O-O 8.Nf3 Bg4
9.Nd2 Bxe2 10.Qxe2 Nbd7 11.O-O Qc7 12.f4 a6 13.a4 Kh8 14.Kh1 Rab8 15.Rbe1 Ng8
16.Bh4 b5 17.axb5 axb5 18.Nxb5 Qb6 19.c4 Bxb2 20.Nf3 Bg7 21.e5 dxe5 22.fxe5 e6
23.Nd6 f6 24.exf6  1-0

[Event "TCh-FIN 2002-3"]
[Site "Finland FIN"]
[Date "2002.11.17"]
[Round "5"]
[White "Salimaki,J"]
[Black "Eskola,R"]
[Result "1-0"]
[WhiteElo "2186"]
[BlackElo "2153"]

1.d4 Nf6 2.Bg5 c5 3.Bxf6 gxf6 4.d5 f5 5.e3 Bg7 6.Qc1 b5 7.a4 Qa5+ 8.Nd2 b4
9.Bd3 Bb7 10.Ngf3 Bxd5 11.Bxf5 c4 12.e4 c3 13.bxc3 bxc3 14.Nf1 Be6 15.Ng3 h5
16.h4 Nc6 17.Bxe6 dxe6 18.O-O Rb8 19.Re1 Rb2 20.e5 Bh6 21.Qd1 Bf4 22.Qe2 Bxg3
23.fxg3 Qc5+ 24.Kh2 Nb4 25.Ng5 Qc6 26.Rac1 a5 27.Qf2 Rf8 28.Qe2 Qxa4 29.Qxh5 Rxc2
30.Nxe6 Qa2 31.Rxc2 Qxc2 32.Nxf8 Qf2 33.Re2 Qf1 34.Ne6 c2 35.Rd2 Nd3 36.Rxd3 Qxd3
37.Qh8+  1-0

[Event "30th Ann"]
[Site "Taastrup DEN"]
[Date "2002.11.23"]
[Round "2"]
[White "Nielsen,JM"]
[Black "Nilsson,N"]
[Result "0-1"]
[WhiteElo "2128"]
[BlackElo "2182"]

1.d4 Nf6 2.Bg5 c5 3.Bxf6 exf6 4.d5 d6 5.c4 g6 6.e3 Bg7 7.Nc3 O-O 8.Nf3 Bg4
9.Be2 f5 10.Qb3 Nd7 11.h3 Bxf3 12.Bxf3 Re8 13.O-O Rb8 14.Rfe1 a6 15.a4 Qh4
16.Be2 f4 17.exf4 Bd4 18.Nd1 Qxf4 19.Qc2 Ne5 20.Ra3 b5 21.axb5 axb5 22.cxb5 c4
23.Rf1 Rxb5 24.Bf3 Reb8 25.Kh1 Rb3 26.Rxb3 Rxb3 27.Qe4 Qh6 28.Qxd4 Rxf3 29.Kh2 Rxh3+
30.Kg1 Rh1+  0-1

[Event "ch-CRO"]
[Site "Zagreb CRO"]
[Date "2002.11.26"]
[Round "3"]
[White "Draganic,S"]
[Black "Ljubicic,F"]
[Result "0-1"]
[WhiteElo "2224"]
[BlackElo "2432"]

1.d4 Nf6 2.Bg5 c5 3.Bxf6 gxf6 4.d5 Qb6 5.Nd2 Qxb2 6.e3 Qe5 7.c4 f5 8.Rb1 d6
9.Bd3 Qf6 10.Ne2 Bh6 11.g3 O-O 12.f4 e5 13.Kf2 Nd7 14.Bc2 Kh8 15.Nf3 Nb6
16.Nd2 Re8 17.Re1 Bd7 18.a4 Rab8 19.a5 Na8 20.Ba4 Bxa4 21.Qxa4 Nc7 22.Qa1 Na6
23.Qc3 Bg7 24.Kf1 Qh6 25.Qc2 exf4 26.exf4 Qh3+ 27.Kg1 Qh5 28.Qd3 Nb4 29.Qf3 Qxf3
30.Nxf3 Re3 31.Kf2 Rbe8 32.Ne5 Rxe2+ 33.Rxe2 dxe5 34.Kg2 f6 35.Rd1 Bf8  0-1

[Event "ch-ISR"]
[Site "Tel Aviv ISR"]
[Date "2002.11.27"]
[Round "3"]
[White "Deutsch,E"]
[Black "Zilberman,Y"]
[Result "0-1"]
[WhiteElo "2272"]
[BlackElo "2467"]

1.d4 Nf6 2.Bg5 c5 3.Bxf6 gxf6 4.d5 Qb6 5.Qc1 d6 6.e3 f5 7.Nh3 Nd7 8.c4 Bg7
9.Nc3 Qa5 10.Qd2 a6 11.Bd3 Ne5 12.a3 Rg8 13.Nf4 Bd7 14.O-O Nf3+  0-1

[Event "Superstars Hotel Bali"]
[Site "Benidorm ESP"]
[Date "2002.12.01"]
[Round "11"]
[White "Amura,C"]
[Black "Paunovic,D"]
[Result "1/2-1/2"]
[WhiteElo "2360"]
[BlackElo "2532"]

1.d4 Nf6 2.Bg5 c5 3.Bxf6 gxf6 4.d5 Bg7 5.c3 Qb6 6.Qc1 d6 7.g3 f5 8.Bg2 Nd7
9.Nh3 h5 10.Nd2 h4 11.Nf3 hxg3 12.hxg3 Ne5 13.Nf4 Nxf3+ 14.Bxf3 Rxh1+ 15.Bxh1 Bh6
16.Qc2 Bxf4 17.gxf4 Bd7 18.O-O-O O-O-O 19.Rg1 Rh8 20.Bf3 Qd8 21.e3 Rg8 22.Qd1 Rxg1
23.Qxg1 Qh8 24.Qh1 Qg7 25.Qg2 Qg6 26.Qxg6 fxg6 27.c4 Kd8 28.a3 Ke8 29.b4 b6
30.Kd2 Kf7 31.b5 Kf6 32.Be2 e6 33.Bf3 exd5 34.Bxd5 Be6 35.Bxe6 Kxe6 36.f3 d5
37.Kc3 dxc4 38.e4 fxe4 39.fxe4 Kf6 40.Kxc4 g5 41.fxg5+ Kxg5 42.Kd5 Kg6 43.Kd6 Kf7
44.Kd7 Kf6 45.Kd6 Kf7 46.Kd7  1/2-1/2

[Event "TCh-ESP"]
[Site "Mondariz ESP"]
[Date "2002.12.01"]
[Round "2"]
[White "Gonzalez Velez,F"]
[Black "Estremera Panos,S"]
[Result "0-1"]
[WhiteElo "2379"]
[BlackElo "2359"]

1.d4 Nf6 2.Bg5 d5 3.e3 c6 4.Nd2 g6 5.Bd3 Bg7 6.f4 O-O 7.Ngf3 Qb6 8.Rb1 Ng4
9.Qe2 f6 10.Bh4 e5 11.fxe5 fxe5 12.O-O e4 13.Bxe4 dxe4 14.Qc4+ Kh8 15.Ng5 Bf5
16.Nf7+ Rxf7 17.Qxf7 Na6 18.Nc4 Qc7 19.Qxc7 Nxc7 20.h3 Be6 21.b3 b5 22.hxg4 bxc4
23.bxc4 Bxc4 24.Rf4  0-1

[Event "ch-ISR"]
[Site "Tel Aviv ISR"]
[Date "2002.12.01"]
[Round "7"]
[White "Pasman,M"]
[Black "Lederer,Y"]
[Result "0-1"]
[WhiteElo "2345"]
[BlackElo "2272"]

1.d4 Nf6 2.Bg5 c5 3.Bxf6 gxf6 4.c3 Qb6 5.Qc2 d5 6.dxc5 Qxc5 7.e3 Nc6 8.Nd2 e5
9.Ne2 Be6 10.Nb3 Qb6 11.Ng3 O-O-O 12.Bd3 h5 13.Bf5 h4 14.Ne2 Kb8 15.O-O-O Bxf5
16.Qxf5 Qa6 17.Qxf6 Be7 18.Qf3 e4 19.Qf4+ Bd6 20.Qxf7 Qxe2 21.Rd2 Qh5 22.Qxd5 Qg6
23.Qb5 Qxg2 24.Rhd1 a6 25.Qa4 Bxh2 26.Nc5 Rxd2 27.Rxd2 Qf1+ 28.Kc2 Qb5 29.Nd7+ Ka7
30.Qxe4 Bc7 31.a4 Qh5 32.f4 Qh7 33.Qxh7 Rxh7 34.Nf6 Rh6 35.Nd5 h3 36.Rh2 Bd8
37.Kd3 Ne7 38.Nxe7 Bxe7 39.Ke4 Kb6 40.Kf5 Bc5 41.Kg5 Bxe3 42.Kg4 Kc5 43.f5 Kc4
44.f6 Rxf6 45.Rxh3 Bc1 46.Rh7 Bxb2 47.Rxb7 Bxc3 48.Kg5 Rf1 49.Rc7+ Kb4  0-1

[Event "Tch-SWE 2002-3"]
[Site "Sweden SWE"]
[Date "2002.12.07"]
[Round "5"]
[White "Lindberg,Bo"]
[Black "Winge,S"]
[Result "1-0"]
[WhiteElo "2281"]
[BlackElo "2262"]

1.d4 Nf6 2.Bg5 c5 3.Bxf6 gxf6 4.d5 Qb6 5.Qc1 c4 6.g3 f5 7.c3 e6 8.Bg2 Na6
9.Nh3 h5 10.Nd2 Qc5 11.e4 Bh6 12.Qc2 exd5 13.exf5 Qe7+ 14.Kf1 Qc5 15.Re1+ Kf8
16.Nf3 Nc7 17.Qe2 Qd6 18.Nd4 Bg7 19.Nb5 Qe5 20.Nxc7  1-0

[Event "19th WJun Girls"]
[Site "Goa IND"]
[Date "2002.12.12"]
[Round "5"]
[White "Koneru,C"]
[Black "Rajadharshini,M"]
[Result "1/2-1/2"]
[WhiteElo "2086"]
[BlackElo "2062"]

1.d4 Nf6 2.Bg5 d5 3.Nd2 e6 4.Ngf3 Be7 5.e3 O-O 6.c4 b6 7.Be2 Bb7 8.O-O Nbd7
9.Rc1 c5 10.a3 Ne4 11.Bxe7 Qxe7 12.dxc5 Ndxc5 13.Nxe4 Nxe4 14.cxd5 Bxd5 15.Qc2 Nc5
16.b4 Ne4 17.Bd3 Qb7 18.Qa4 Nd6 19.Ba6 Qe7 20.Qc2 Qf6 21.Qc3 Qg6 22.Bd3 Qh5
23.Qd4 Nf5 24.Qf4 Bxf3 25.Qxf3 Qxf3 26.gxf3 Nd6 27.Rfd1 Rfd8 28.Rd2 Kf8 29.Rcd1 Ke7
30.Kf1 g6 31.Ke2 Rac8 32.Ba6 Rc7 33.Bb5 Nxb5 34.Rxd8 Nc3+ 35.Ke1 Nxd1 36.Rxd1 Rc3
37.Ra1 Rc2 38.Rd1 Rc3 39.Ra1 Rc2 40.Rd1  1/2-1/2

[Event "20th Cairnhill Open"]
[Site "Singapore SIN"]
[Date "2002.12.12"]
[Round "2"]
[White "Tu Hoang Thai"]
[Black "Long,J"]
[Result "1-0"]
[WhiteElo "2404"]
[BlackElo "2019"]

1.d4 Nf6 2.Bg5 d5 3.e3 Nbd7 4.c4 e6 5.cxd5 exd5 6.Nc3 c6 7.Bd3 Bd6 8.Qc2 Qc7
9.Nge2 a6 10.h3 h6 11.Bh4 O-O 12.g4 g5 13.Bg3 Re8 14.O-O-O c5 15.dxc5 Nxc5
16.Bf5 Bxg3 17.Nxg3 Be6 18.Bxe6 fxe6 19.h4 Qh7 20.Qxh7+ Nxh7 21.hxg5 hxg5
22.e4 dxe4 23.Ngxe4 Nxe4 24.Nxe4 Re7 25.Rh5 Rg7 26.Rd6 Rc8+ 27.Kd2 Rc6 28.Rxc6 bxc6
29.Ke3 Rg6 30.Kd4 a5 31.Ke5  1-0

[Event "20th Cairnhill Open"]
[Site "Singapore SIN"]
[Date "2002.12.14"]
[Round "5"]
[White "Tu Hoang Thong"]
[Black "Joshi,GB"]
[Result "0-1"]
[WhiteElo "2507"]
[BlackElo "2242"]

1.d4 Nf6 2.Bg5 g6 3.Bxf6 exf6 4.e3 Bg7 5.g3 O-O 6.Bg2 d6 7.Ne2 Nc6 8.O-O Bd7
9.c4 Rb8 10.Nbc3 Ne7 11.b4 Bc6 12.Bxc6 bxc6 13.Rb1 Qc8 14.Qa4 a6 15.Qa5 Ra8
16.Rfc1 Re8 17.Qa4 h5 18.Qd1 h4 19.Qf1 hxg3 20.hxg3 Qd7 21.Qg2 f5 22.Rc2 Rab8
23.a3 Rec8 24.Qf1 Ra8 25.Rd2 Bf6 26.Qd1 Kg7 27.Qa4 Rh8 28.Kf1 f4 29.Nxf4 g5
30.Ng2 Qh3 31.Ne2 Qh1+ 32.Ng1 Rh2 33.Ne1 Rah8 34.Qd1 Qe4 35.Rbb2 g4 36.f3 Rxd2
37.Rxd2 Qxe3 38.Rd3 Nf5 39.fxg4 Bxd4 40.Rxd4 Nxd4  0-1

[Event "Bundesliga 2002-3"]
[Site "Solingen GER"]
[Date "2002.12.14"]
[Round "5"]
[White "Knaak,R"]
[Black "Hall,Je"]
[Result "1/2-1/2"]
[WhiteElo "2471"]
[BlackElo "2489"]

1.d4 Nf6 2.Bg5 c5 3.Nc3 Qa5 4.Bxf6 gxf6 5.d5 f5 6.e3 Bg7 7.Ne2 d6 8.g3 Nd7
9.Bg2 Ne5 10.O-O h5 11.h4 Bd7 12.a3 a6 13.Rb1 Nc4 14.Qd3 Ne5 15.Qd1 Nc4 16.Qd3 Ne5  1/2-1/2

[Event "XV Carlos Torre"]
[Site "Merida MEX"]
[Date "2002.12.15"]
[Round "3"]
[White "Garcia,Ri"]
[Black "Garcia,Gild"]
[Result "0-1"]
[WhiteElo "2275"]
[BlackElo "2480"]

1.d4 Nf6 2.Bg5 c5 3.Bxf6 gxf6 4.d5 Qb6 5.Qc1 Bg7 6.Na3 f5 7.c3 d6 8.Nc4 Qa6
9.Qf4 b5 10.Nd2 Qb7 11.e4 fxe4 12.Nxe4 Qxd5 13.Bxb5+ Nd7 14.Bc4 Qh5 15.Nf3 Ne5
16.Bb5+ Kf8 17.Be2 Rb8 18.O-O Bh6 19.Nxe5 Bxf4 20.Bxh5 Bxe5 21.f4 Bg7 22.Rf2 f5
23.Ng3 Rb6 24.Re1 Bd7 25.Bd1 Bf6 26.Bb3 h5 27.Be6 Bxe6 28.Rxe6 Kf7 29.Ree2 e6
30.Nf1 d5 31.Rc2 Rhb8 32.Ne3 Ra6 33.b3 Ra3 34.Rfd2 c4 35.bxc4 d4 36.Nd1 dxc3
37.Rd7+ Ke8 38.Rd3 Rb2 39.Rdxc3 Bxc3 40.Nxb2 Bd4+ 41.Kf1 Rxa2  0-1

[Event "North American Open"]
[Site "Las Vegas USA"]
[Date "2002.12.27"]
[Round "2"]
[White "Ziane,N"]
[Black "Kacheishvili,G"]
[Result "0-1"]
[WhiteElo "2187"]
[BlackElo "2597"]

1.d4 Nf6 2.Bg5 c5 3.Bxf6 gxf6 4.d5 Qb6 5.Qc1 f5 6.g3 Bg7 7.c3 Na6 8.Nd2 Nc7
9.Bg2 e6 10.Nc4 Qa6 11.Qf4 O-O 12.d6 Ne8 13.a4 Rb8 14.Ra3 b5 15.axb5 Qxb5
16.Nf3 Nxd6 17.Qxd6 Qxc4 18.Qxb8 Ba6 19.Qxf8+ Kxf8 20.O-O Qxe2 21.Re1 Qd3
22.Rea1 Bb7 23.Ne1 Qb5 24.Bxb7 Qxb7 25.Nd3 Qb5 26.c4 Qc6 27.Rxa7 Bd4 28.Nf4 Qf3
29.Nh3 Bxb2 30.Rb1 Qb3 31.Rxd7 Qc2 32.Rdd1 e5 33.Ng5 Bd4 34.Rb8+ Kg7 35.Rf1 h6
36.Nf3 Qxc4 37.Nh4 Qe6 38.Rd8 f4 39.Kg2 e4 40.f3 Bf6 41.Rd6 Qe5 42.Rd2 Bxh4
43.gxh4 Qc3 44.Rff2 exf3+ 45.Kh3 h5 46.Rd5 Qe3 47.Rd6 Qe5  0-1

[Event "Open"]
[Site "Pamplona ESP"]
[Date "2002.12.27"]
[Round "8"]
[White "Ugalde Ezcurra,J"]
[Black "Estremera Panos,S"]
[Result "0-1"]
[WhiteElo "2112"]
[BlackElo "2359"]

1.d4 Nf6 2.Bg5 d5 3.e3 c6 4.Nd2 g6 5.Bd3 Bg7 6.f4 O-O 7.Ngf3 Qb6 8.Ne5 c5
9.dxc5 Qxc5 10.Qe2 Nc6 11.O-O Nxe5 12.fxe5 Ng4 13.Nb3 Qc7 14.Bf4 Nxe5 15.e4 dxe4
16.Qxe4 Qb6+ 17.Be3 Qc6 18.Na5 Qc7 19.Nc4 Nxd3 20.cxd3 Bf5 21.Rxf5 gxf5 22.Qxf5 e6
23.Qh5 Rad8 24.Bh6 Bxh6 25.Qxh6 Qc5+ 26.Kh1 Rxd3 27.Re1 Rfd8 28.h4 Rd1 29.Rxd1 Rxd1+  0-1

[Event "32nd Rilton Cup"]
[Site "Stockholm SWE"]
[Date "2002.12.30"]
[Round "4"]
[White "Karttunen,M"]
[Black "Winge,S"]
[Result "1-0"]
[WhiteElo "2413"]
[BlackElo "2262"]

1.d4 Nf6 2.Bg5 c5 3.d5 Qb6 4.Nc3 Qxb2 5.Bd2 Qb6 6.e4 d6 7.f4 Bg4 8.Qc1 e5
9.f5 Nxe4 10.Nxe4 Bxf5 11.Ng3 Bc8 12.Nf3 Nd7 13.Qa3 Qc7 14.Bb5 a6 15.O-O h6
16.Nh4 Rb8 17.Qf3 f6 18.Qh5+ Kd8 19.Ng6 Rg8 20.Be2 b5 21.Bg4 Nb6 22.Ba5 Qf7
23.Nxe5  1-0

[Event "38th Junior"]
[Site "Hallsberg SWE"]
[Date "2003.01.01"]
[Round "5"]
[White "Kanep,M"]
[Black "Muhren,W"]
[Result "1-0"]
[WhiteElo "2389"]
[BlackElo "2184"]

1.d4 Nf6 2.Bg5 g6 3.Bxf6 exf6 4.e3 Bg7 5.c4 d6 6.Nc3 f5 7.g3 O-O 8.Bg2 c5
9.Nge2 Nc6 10.O-O Re8 11.dxc5 dxc5 12.Bxc6 bxc6 13.Qxd8 Rxd8 14.Rad1 Be6
15.b3 Bf8 16.f4 Rdb8 17.Rc1 Rb6 18.Rfd1 Be7 19.Rc2 Kf8 20.Nc1 Ra6 21.Kf2 f6
22.Ke2 Kf7 23.Nd3 Ra5 24.Na4 Rb8 25.Kd2 Kf8 26.Kc3 Kf7 27.Rcd2 Kf8 28.Re1 Kf7
29.Rde2 Bf8 30.Rd2 h5 31.Ra1 Rb7 32.a3 Rb8 33.Rda2 Rd8 34.Nab2 Rb8 35.b4 Rxa3+
36.Rxa3 cxb4+ 37.Nxb4 Bxb4+ 38.Kc2 Bxa3 39.Rxa3 Rb7 40.Kc3 Ke7 41.Nd3 Kd6
42.Kd4 Bc8 43.Nc5 Re7 44.h4 Rc7 45.e4 Re7 46.Ra5 Rc7 47.e5+ fxe5+ 48.fxe5+ Ke7
49.Ra3 Be6 50.Nd3 Bf7 51.Kc5 Ke6 52.Ra6 Be8 53.Ra1 Rb7 54.Nf4+ Ke7 55.Ra3 Rc7
56.Rb3 Rd7 57.e6 Rc7 58.Rb8 Bf7 59.exf7 Kxf7 60.Ra8 Re7 61.Kxc6 Kg7 62.c5  1-0

[Event "Troll Masters"]
[Site "Gausdal NOR"]
[Date "2003.01.08"]
[Round "2"]
[White "Svensen,T"]
[Black "Ohlzon,NJ"]
[Result "0-1"]
[WhiteElo "2074"]
[BlackElo "2176"]

1.d4 Nf6 2.Bg5 c5 3.Bxf6 gxf6 4.d5 Qb6 5.Qc1 Bh6 6.e3 f5 7.c4 f4 8.exf4 Bxf4
9.Qxf4 Qxb2 10.Ne2 Qxa1 11.Nc3 d6 12.Bd3 Rg8 13.Kd1 Rg4 14.Qe3 Rd4 15.Kc1 Nd7
16.f4 Nb6 17.Re1 e6 18.dxe6 Bxe6 19.f5 O-O-O 20.fxe6 fxe6 21.Qxe6+ Kb8 22.Qe7 Rc8
23.Be4 Rc7 24.Qe8+ Rc8 25.Qe7 Rc7 26.Qf8+ Rc8 27.Qg7 Rc7 28.Qg8+ Rc8 29.Qxh7 Rc7
30.Qg8+ Rc8 31.Qf7 Rc7 32.Qe8+ Rc8 33.Qf7 Rc7 34.Qf3 Rxc4 35.Qf8+ Nc8 36.Qf3 b5
37.Bd5 Rb4 38.a3 Qb2+ 39.Kd1 Rd4+ 40.Nd2 Rxd2+  0-1

[Event "XXVIII"]
[Site "Seville ESP"]
[Date "2003.01.16"]
[Round "7"]
[White "Saldano,H"]
[Black "Koster,W"]
[Result "1-0"]
[WhiteElo "2442"]
[BlackElo "2281"]

1.d4 Nf6 2.Bg5 d5 3.e3 Nbd7 4.c4 dxc4 5.Bxc4 e6 6.Nc3 Be7 7.Nf3 O-O 8.O-O c5
9.Qe2 a6 10.a4 b6 11.Rad1 Bb7 12.e4 cxd4 13.Nxd4 e5 14.Ne6 fxe6 15.Bxe6+ Kh8
16.Bxf6 Bxf6 17.Rxd7 Qb8 18.Bf5 Bg5 19.Qh5 Bh6 20.Rfd1 Bc6 21.R7d6 Qc7 22.g4 Be8
23.Qh4 b5 24.Re6 Qc4 25.Rdd6 Qb4 26.Rxh6 Rxf5 27.gxf5 gxh6 28.Qf6+ Kg8 29.Rd3  1-0

[Event "XXVIII"]
[Site "Seville ESP"]
[Date "2003.01.18"]
[Round "9"]
[White "Saldano,H"]
[Black "Maus,Si"]
[Result "1-0"]
[WhiteElo "2442"]
[BlackElo "2280"]

1.d4 Nf6 2.Bg5 d5 3.e3 e6 4.Nd2 c5 5.c3 Nc6 6.f4 Be7 7.Bd3 Bd7 8.Nh3 Qb6
9.Rb1 cxd4 10.exd4 h6 11.Bh4 Rc8 12.O-O Kf8 13.Nf3 g6 14.Ne5 Be8 15.Nf2 Kg7
16.Qf3 Ng8 17.Bxe7 Ncxe7 18.Qe2 a6 19.g4 Bb5 20.Rbe1 Bxd3 21.Nfxd3 Rc7 22.Qg2 Nf6
23.f5 gxf5 24.gxf5+ Kf8 25.fxe6 Rg8 26.Rxf6 Rxg2+ 27.Kxg2  1-0

[Event "4NCL"]
[Site "Telford ENG"]
[Date "2003.01.19"]
[Round "4"]
[White "Wells,P"]
[Black "Parker,J"]
[Result "0-1"]
[WhiteElo "2486"]
[BlackElo "2545"]

1.d4 Nf6 2.Bg5 d5 3.Bxf6 exf6 4.e3 Bd6 5.g3 c6 6.Bg2 f5 7.Ne2 Nd7 8.b3 Nf6
9.c4 Be6 10.Nd2 h5 11.h4 Ne4 12.c5 Bc7 13.b4 g6 14.a4 Kf8 15.Qc2 Kg7 16.Qb2 Bd7
17.Nf4 Rb8 18.Ra3 Qe7 19.Nf3 a6 20.Ne5 Be8 21.Ned3 f6 22.b5 Ba5+ 23.Nb4 g5
24.Nd3 Bg6 25.O-O Qd7 26.hxg5 Nxg5 27.Rb3 axb5 28.axb5 h4 29.Ra1 Bxb4 30.Rxb4 hxg3
31.fxg3 Qc7 32.Nf4 Qe7 33.Qb3 Be8 34.bxc6 Bxc6 35.Ra7 Rhe8 36.Rb6 Qc7 37.Nxd5 Qxg3
38.Rxc6 Nf3+  0-1

[Event "ch-IND"]
[Site "Mumbai IND"]
[Date "2003.01.23"]
[Round "9"]
[White "Arvind,S"]
[Black "Sasikiran,K"]
[Result "0-1"]
[WhiteElo "2330"]
[BlackElo "2664"]

1.d4 Nf6 2.Bg5 d5 3.Bxf6 exf6 4.e3 Bd6 5.Bd3 c6 6.c3 f5 7.Qc2 g6 8.Nd2 Nd7
9.O-O-O Nf6 10.Kb1 b6 11.Re1 O-O 12.h4 c5 13.Nh3 c4 14.Be2 b5 15.h5 Rb8 16.hxg6 fxg6
17.Nf4 b4 18.cxb4 Rxb4 19.a3 Rb7 20.Ka2 Qa5 21.f3 Bd7 22.Rb1 Re8 23.Nxc4 dxc4
24.Qxc4+ Kg7 25.b4 Qc7 26.Qd3 Bxf4 27.Rbc1 Qd6 28.exf4 Qe6+  0-1

[Event "ch-IND"]
[Site "Mumbai IND"]
[Date "2003.01.26"]
[Round "14"]
[White "Arvind,S"]
[Black "Saravanan,V"]
[Result "1-0"]
[WhiteElo "2330"]
[BlackElo "2357"]

1.d4 Nf6 2.Bg5 c5 3.d5 Ne4 4.Bf4 Qb6 5.Nc3 Qxb2 6.Nxe4 Qb4+ 7.Qd2 Qxe4 8.Nf3 g6
9.Be5 f6 10.Bc3 Bg7 11.h4 b6 12.h5 gxh5 13.Rxh5 Ba6 14.g3 Qg6 15.Rh3 Qf7
16.Rh4 h5 17.Bh3 Bh6 18.e3 Bb7 19.Rd1 Na6 20.Qd3 Nc7 21.Bf5 O-O-O 22.Be4 Rhg8
23.a4 d6 24.Rh2 Ba6 25.Qd2 f5 26.Bd3 Bb7 27.Nh4 Nxd5 28.Nxf5 Bf8 29.a5 e6
30.Nh4 Nxc3 31.Qxc3 d5 32.axb6 axb6 33.Rb1 c4 34.Be2 Bc5 35.Nf3 Rh8 36.Qe5 Bd6
37.Ng5 Qd7 38.Qxe6 Bc5 39.Qxd7+ Kxd7 40.Nf7 Bc6 41.Nxh8 Rxh8 42.Rxh5 Ra8
43.Rd1 Kc7 44.Rh7+ Kd6 45.Bxc4  1-0

[Event "National I"]
[Site "Bischwiller FRA"]
[Date "2003.01.31"]
[Round "1"]
[White "Klipper,R"]
[Black "Milliet,S"]
[Result "0-1"]
[WhiteElo "2063"]
[BlackElo "2231"]

1.d4 d5 2.Bg5 Nf6 3.Bxf6 exf6 4.e3 Be6 5.Nd2 Bd6 6.Ne2 c6 7.g3 O-O 8.Bg2 f5
9.Nf4 Nd7 10.O-O Nf6 11.c4 Bxf4 12.gxf4 dxc4 13.Qc2 Bd5 14.Qxf5 Bxg2 15.Kxg2 Qd5+
16.Qxd5 cxd5 17.a4 Rac8 18.Rfc1 Rc6 19.Rc3 Rb6 20.b3 cxb3 21.Nxb3 Ne4 22.Rd3 Rc8
23.Nc5 Rb2 24.Nxe4 dxe4 25.Rdd1 Rcc2 26.Rf1 Kf8 27.Rab1 Rxf2+ 28.Rxf2 Rxb1
29.Rc2 a6 30.a5 Rb5 31.Rc8+ Ke7 32.Rc7+ Kf6 33.Kg3 g6 34.d5 Rxd5 35.Rxb7 Rxa5
36.Rb4 Kf5 37.Rb7 f6 38.Rxh7 Ra3 39.Kf2 Ra2+ 40.Ke1 Kg4 41.Rh6 Kf5 42.Rh8 Ke6
43.Re8+ Kd5 44.Rd8+ Kc5 45.Rg8 Kc4 46.Rxg6 Kd3 47.Rxf6 Kxe3 48.Kf1 Kf3 49.Ke1 e3  0-1

[Event "3rd IM"]
[Site "Griesheim GER"]
[Date "2003.01.31"]
[Round "3"]
[White "Gohil,H"]
[Black "Solonar,S"]
[Result "0-1"]
[WhiteElo "2354"]
[BlackElo "2380"]

1.d4 Nf6 2.Bg5 c5 3.d5 Ne4 4.Bf4 Qb6 5.Qc1 g5 6.Be5 f6 7.Bxb8 Rxb8 8.f3 Nd6
9.e4 g4 10.c4 Bh6 11.Qc2 gxf3 12.gxf3 Qb4+ 13.Kf2 b5 14.a3 Qa5 15.cxb5 Qb6
16.Nc3 c4+ 17.Ke1 Nxb5 18.Bxc4 Nd4 19.Qd3 Be3 20.b4 Rg8 21.Kf1 Rxg1+ 22.Rxg1 Bxg1
23.Na4 Qc7 24.Kxg1 Nxf3+ 25.Qxf3 Qxc4 26.Qe3 Kf7 27.Rc1 Qa2 28.Qxa7 d6 29.Qe3 Bd7
30.Kh1 Rg8 31.Rg1 Rxg1+ 32.Qxg1 Bxa4 33.Qg4 Qa1+ 34.Kg2 Qe5 35.Qe2 Qg5+ 36.Kf2 Qf4+
37.Kg2 Bd7 38.b5 Qh4 39.b6 Qh3+ 40.Kg1 Qxa3 41.Qf1 Qb3 42.Qf2 Qb1+ 43.Qf1 Qxb6+  0-1

[Event "11th Aosta Open"]
[Site "Saint Vincent ITA"]
[Date "2003.02.08"]
[Round "1"]
[White "Miladinovic,I"]
[Black "Popa,C"]
[Result "1-0"]
[WhiteElo "2526"]
[BlackElo "2122"]

1.d4 d5 2.Bg5 Nf6 3.Bxf6 exf6 4.e3 Be6 5.Bd3 Bd6 6.Nd2 c6 7.Qf3 Qb6 8.Rb1 O-O
9.Ne2 Re8 10.g4 Nd7 11.h4 Nf8 12.c3 Qd8 13.Ng3 Bxg3 14.Qxg3 Qd7 15.f3 Rad8
16.Kf2 Re7 17.h5 Qd6 18.Qxd6 Rxd6 19.b4 Rd8 20.a4 a6 21.Nb3 Bc8 22.b5 axb5
23.axb5 Rde8 24.Rhe1 Ne6 25.c4 Nc7 26.bxc6 bxc6 27.Na5 Bd7 28.Rb6 dxc4 29.Nxc4 Nb5
30.Rc1 Ra8 31.Be4 Rc8 32.Rb7 Kf8 33.Bxh7 Be6 34.Rb6 Na7 35.Be4 Bxc4 36.Rxc4 Rec7
37.Bf5 Rd8 38.Ra6 Ke7 39.Be4 Rdc8 40.Bxc6 Nxc6 41.d5 Kd7 42.Raxc6 Rxc6 43.Rxc6 Rxc6
44.dxc6+ Kxc6 45.e4 Kd6 46.Ke3 Ke5 47.f4+ Ke6 48.Kd4 Kd6 49.Kc4 Ke6 50.Kc5 Ke7
51.Kd5 Kd7 52.g5 fxg5 53.fxg5 Ke7 54.e5 Kf8 55.Kd6  1-0